| 000 | 00467nam a2200181Ia 4500 | ||
|---|---|---|---|
| 001 | 16988 | ||
| 005 | 20260306170351.0 | ||
| 008 | 260306t2025||||xx |||||||||||||| ||und|| | ||
| 041 | _aESP | ||
| 082 |
_a657.42 _bCH516 |
||
| 100 |
_aChambergo Guillermo, Isidro, _eAUT |
||
| 245 | 0 |
_aCostos por sectores económicos : _banálisis y casuística |
|
| 260 | _c2025 | ||
| 300 |
_a607 páginas : _c25 cm. |
||
| 650 | _aGEN | ||
| 654 | _aCCO | ||
| 942 |
_cLIB _dJUS _fJUS _2ddc _n |
||
| 999 |
_c16988 _d16988 |
||